Top-Künstler in den deutschsprachigen Charts - Statistiken

Allgemein
  • Dieses Quiz wurde 87 mal gespielt
  • Das Durchschnittsergebnis liegt bei 2 aus 5
Antwortstatistiken
Platzierung # Lieder in den Top 10 Künstler % Korrekt
1 15 Rammstein
83%
3 8 Capital Bra
56%
2 9 Apache 207
55%
4 8 Bonez MC
27%
5 7 RAF Camora
19%
Keine übereinstimmenden Quizze gefunden
Verteilung der Resultate
Anzahl Personen mit jedem Resultat
Perzentil nach korrekt beantworteten Fragen
Ihre Resultats-Entwicklung
Sie haben dieses Quiz noch nicht gespielt